Don Trifón ó todo por el dinero (Record no. 173788)

MARC details
000 -LEADER
campo de control de longitud fija 00712nam a22001575i 4500
001 - NÚMERO DE CONTROL
campo de control 173788
003 - IDENTIFICADOR DE NÚMERO DE CONTROL
campo de control ES-MaACL
005 - FECHA Y HORA DE LA ÚLTIMA TRANSACCIÓN
campo de control 20231228063257.0
008 - DATOS DE LONGITUD FIJA--INFORMACIÓN GENERAL
campo de control de longitud fija 100119s1841 sp |||| | spa d
100 1# - ENTRADA PRINCIPAL--NOMBRE DE PERSONA
Nombre de persona Gil y Zárate, Antonio,
Fechas asociadas al nombre 1793-1861
9 (RLIN) 56804
245 10 - MENCIÓN DEL TÍTULO
Título Don Trifón ó todo por el dinero
Resto del título : comedia en cuatro actos /
Mención de responsabilidad, etc. por Antonio Gil de Zárate.
260 ## - PUBLICACIÓN, DISTRIBUCIÓN, ETC.
Lugar de publicación, distribución, etc. Madrid :
Nombre del editor, distribuidor, etc. [Galería Dramática de Delgado hermanos],
Fecha de publicación, distribución, etc. 1841 (
Fabricante Imp. de Repullés)
300 ## - DESCRIPCIÓN FÍSICA
Extensión 86 p. ;
Dimensiones 18 cm.
852 ## - LOCALIZACIÓN
Ubicación ES-MaACL
Número de control de estantería B-8605(5)
Nota libre .- Enc. pasta española
condición física .- Falto de la cub. original
Nota libre .- Enc. en un vol. facticio formando parte de la col. facticia "Teatro español moderno", vol. 60
Holdings
Estatus retirado Estado de pérdida Estado de daño No para préstamo Colección Biblioteca de origen Biblioteca actual Ubicación en estantería Fecha de adquisición Fuente de adquisición Total de préstamos Signatura topográfica completa Código de barras Visto por última vez Precio de reemplazo Tipo de ítem Koha
        Libros del s. XIX Biblioteca del Ateneo de Madrid Biblioteca del Ateneo de Madrid Sala Pardo Bazán 19/01/2010     B-8605(5) 1182418 23/02/2023 23/02/2023 Libro impreso antiguo